Bichos de áfrica 1 / (Registro nro. 59645)

Detalles MARC
000 -LDR (LÍDER)
fixed length control field 00805nam a22002417 4500
008 - FIXED-LENGTH DATA ELEMENTS--GENERAL INFORMATION
fixed length control field 241128r |||a|||gr|||| 00| 0 spa d
020 ## - ISBN
ISBN 9507370982
040 ## - FUENTE DE CATALOGACIÓN
Agencia catalogadora original CO-BoRNBP
Idioma de la agencia catalogadora spa
Norma para la descripción rda
Agencia que transcribe CO-BoRNBP
084 ## - Clasificación facetada
Número de clasificación LM AND9
100 1# - Autor
Nombre Andrade Barbosa, Rogério
Fechas asociadas al nombre 1947-
Termino relación autor
245 10 - Título
Título Bichos de áfrica 1 /
Mención de responsabilidad Rogério Andrade Barbosa; ilustraciones Cecilia Fittipaldi.
250 ## - Edición
Edición Primera edición
264 #1 - Pie de imprenta
Ciudad de publicación Buenos Aires, Argentina :
Editorial Editorial Libros de Quirquincho,
Año 1992
300 ## - Descripción física
Extensión 16 páginas :
Otros detalles físicos ilustraciones
Dimensiones 25 cm
336 ## - Tipo de Contenido
Tipo de contenido texto
Código de tipo de contenido txt
Fuente rdacontenido
337 ## - Tipo de Medio
Tipo de Medio sin mediación
Código de tipo de medio n
Fuente rdamedio
338 ## - Tipo de soporte
Tipo de soporte volumen
Código de tipo de soporte nc
Fuente rdasoporte
490 ## - Serie
Serie Literatura infantil
650 17 - Asiento secundario de materia - término temático
Subdivisión general leyendas y fabulas
Fuente del encabezado o término LEMB
942 ## - Información adicional
Tipo de material LIbro
650 17 - Asiento secundario de materia - término temático
-- 65369
Existencias
Estado de pérdida Fuente del sistema de clasificación o colocación Estado de daño Koha normalized classification for sorting Not for loan Colección Biblioteca Biblioteca actual Localización Fecha de adquisición Koha issues (times borrowed) Signatura topográfica Código de barras Koha date last seen Price effective from Tipo de ítem
  Clasificación Local Facetada   LM A N D9   Infantil Biblioteca Pública Acacias - Carlos María Hernández Rojas Biblioteca Pública Acacias - Carlos María Hernández Rojas Sala Infantil 10/27/2025   LM AND9 ACA18721 10/27/2025 10/27/2025 LIbro









Instituto Departamental de Cultura del Meta - Red Departamental de Bibliotecas Públicas del Meta.